ბათუმის შოთა რუსთაველის სახელმწიფო უნივერსიტეტის ბიბლიოთეკა

შრომები. 2. (ბიბ.ჩანაწერი № 56711)

000 -LEADER
fixed length control field 01137nam a2200265Ia 4500
001 - CONTROL NUMBER
control field 23833
003 - CONTROL NUMBER IDENTIFIER
control field GE_BSU
008 - FIXED-LENGTH DATA ELEMENTS--GENERAL INFORMATION
fixed length control field 181216s||||||||xx |||||||||||||| ||und||
040 ## - CATALOGING SOURCE
Transcribing agency GE_BSU
080 ## - UNIVERSAL DECIMAL CLASSIFICATION NUMBER
Universal Decimal Classification number 930(479.22)+ 94(479.22)
100 ## - MAIN ENTRY--PERSONAL NAME
Personal name ჯანაშია, სიმონ
245 ## - TITLE STATEMENT
Title შრომები. 2.
245 ## - TITLE STATEMENT
Statement of responsibility, etc. რედ. ნ. ბერძენიშვილი
250 ## - EDITION STATEMENT
Edition statement საქ. სსრ მეცნ. აკად., ივ. ჯავახიშვილის სახ. ისტორიის ინ-ტი.
260 ## - PUBLICATION, DISTRIBUTION, ETC.
Place of publication, distribution, etc. თბილისი
260 ## - PUBLICATION, DISTRIBUTION, ETC.
Name of publisher, distributor, etc. საქ. სსრ მეცნ. აკად. გამ-ბა
260 ## - PUBLICATION, DISTRIBUTION, ETC.
Date of publication, distribution, etc. 1952
300 ## - PHYSICAL DESCRIPTION
Extent 537 გვ. 22სმ.
300 ## - PHYSICAL DESCRIPTION
Accompanying material დანართი: საძიებლები, გვ. 505-527. - ბიბლიოგრ.:გვ. 531-536
520 ## - SUMMARY, ETC.
Summary, etc. პარალ. სათ. რუს. ენ.
653 ## - INDEX TERM--UNCONTROLLED
Uncontrolled term ქართული ისტორიოგრაფია; საქართველოს ისტორია
653 ## - INDEX TERM--UNCONTROLLED
Uncontrolled term შრომები. 2.
942 ## - ADDED ENTRY ELEMENTS (KOHA)
Koha item type წიგნი
ეგზემპლარები
Withdrawn status Lost status Damaged status Not for loan Date acquired Barcode Date last seen Price effective from Koha item type
        2018-12-17 28581 2018-12-17 2018-12-17 წიგნი